000 00508nam a2200169Ia 4500
008 090711s9999 xx 000 0 und d
082 _b58367
100 _aनानल रमेश म.
245 _aआहार रहस्य (भा.3-4)
260 _c1986
300 _a86
600 _aनानल रमेश म.
630 _aआहार रहस्य (भा.3-4)
700 _aनानल रमेश म.
730 _aआहार रहस्य (भा.3-4)
942 _cBOOK
999 _c309664
_d309664